Library Banner

Islamic Arabic/ (Record no. 96998)

MARC details
000 -LEADER
fixed length control field 00375nam a22001457a 4500
005 - DATE AND TIME OF LATEST TRANSACTION
control field 20170811120844.0
008 - FIXED-LENGTH DATA ELEMENTS--GENERAL INFORMATION
fixed length control field 170811b xxu||||| |||| 00| 0 eng d
040 ## - CATALOGING SOURCE
Transcribing agency PK-LaUMT
082 ## - DEWEY DECIMAL CLASSIFICATION NUMBER
Classification number ZIAC 297.07927
Item number HAS-I
100 ## - MAIN ENTRY--PERSONAL NAME
Personal name Hashim , A.S.
245 ## - TITLE STATEMENT
Title Islamic Arabic/
Statement of responsibility, etc A.S. Hashim
260 ## - PUBLICATION, DISTRIBUTION, ETC. (IMPRINT)
Place of publication, distribution, etc Maryland:
Name of publisher, distributor, etc The crescent publication,
Date of publication, distribution, etc 1974
300 ## - PHYSICAL DESCRIPTION
Extent 88 p.
942 ## - ADDED ENTRY ELEMENTS (KOHA)
Koha item type Books
Holdings
Withdrawn status Lost status Damaged status Home library Current library Date acquired Full call number Barcode Date last seen Price effective from Koha item type
      UMT Main Campus UMT Main Campus 2017-08-11 ZIAC 297.07927 HAS-I 112697 2017-08-11 2017-08-11 Books